|
|
|
|
| LEADER |
01027nam a2200241 u 4500 |
| 001 |
10050684 |
| 003 |
GR-PaULI |
| 005 |
20210514134118.0 |
| 008 |
040630s1996 gr p gre |
| 952 |
|
|
|0 0
|1 0
|2 ddc
|4 0
|6 894_351000000000000_1_YUN
|7 0
|9 325189
|a LISP
|b LISP
|c DON
|d 2021-05-14
|e ΓΑΛ
|i 144131
|l 0
|o 894.351 1 YUN
|p 025000270260
|r 2021-05-14 00:00:00
|t 1
|w 2021-05-14
|y BKN
|
| 999 |
|
|
|c 182688
|d 182688
|
| 020 |
|
|
|a 9608532515
|
| 040 |
|
|
|a GR-PaULI
|c GR-PaULI
|b gre
|e AACR2
|
| 041 |
1 |
|
|a gre
|a tur
|h tur
|
| 082 |
0 |
4 |
|a 894.351 1
|2 23
|
| 100 |
1 |
|
|a Yunus, Emre,
|d -1320?
|e συγγραφέας.
|9 186099
|
| 245 |
1 |
0 |
|a Γιουνούς Εμρέ /
|c εισαγωγή, μετάφραση, σχόλια Πολύμνια Αθανασιάδη.
|
| 260 |
|
|
|a Αθήνα :
|b Απάμεια,
|c 1996.
|
| 300 |
|
|
|a 179 σ. ;
|b
|c 25 εκ.
|
| 504 |
|
|
|a Περιλαμβάνει βιβλιογραφία.
|
| 700 |
1 |
|
|9 186101
|a Αθανασιάδη, Πολύμνια Νικ.
|e μεταφράστρια.
|
| 942 |
|
|
|2 ddc
|c BKN
|
| 998 |
|
|
|c ΜΠΟΥΡΑΣ
|d 2021-05
|